Relevance lost : The rise and fall of management accounting

Bewaard in:
Bibliografische gegevens
Hoofdauteur: Johnson, H. Thomas
Formaat: Boek
Taal:Undetermined
Gepubliceerd in: Boston, Massachusetts Harvard Business School Press 1987
Onderwerpen:
Tags: Voeg label toe
Geen labels, Wees de eerste die dit record labelt!
Thư viện lưu trữ: Trung tâm Học liệu Trường Đại học Cần Thơ
LEADER 00575nam a2200193Ia 4500
001 CTU_77684
008 210402s9999 xx 000 0 und d
082 |a 658.1511 
082 |b J68 
100 |a Johnson, H. Thomas 
245 0 |a Relevance lost : 
245 4 |b The rise and fall of management accounting 
245 0 |c H. Thomas Johnson, Robert S. Kaplan 
260 |a Boston, Massachusetts 
260 |b Harvard Business School Press 
260 |c 1987 
650 |a Managerial accounting 
650 |x History 
980 |a Trung tâm Học liệu Trường Đại học Cần Thơ